000 00410nam a2200157Ia 4500
008 230312s9999||||xx |||||||||||||| ||und||
020 _a0-85292-968-4
082 _a150
_bTOP-P
100 _aToplis John
245 0 _aPsychological Testing
260 _bCIPD
_aLondon
_c2005
300 _a166
546 _aEng.
650 _aEconomics
_vCharacteristics Tests , Obtaining tests , test suppliers
942 _cBK
999 _c2628
_d2628